| 000 | 00997nam a2200277 i 4500 | ||
|---|---|---|---|
| 001 | 113855 | ||
| 003 | ES-MaACL | ||
| 005 | 20230906190024.0 | ||
| 007 | t| | ||
| 008 | 061121s1967 sp abf r ||||1| spa d | ||
| 080 | _a908(460.21) | ||
| 080 | _a908(460.16) | ||
| 080 | _a908(460.15) | ||
| 100 | 1 |
_aNonell Masjuan, Carmen. _9145483 |
|
| 245 | 1 | 3 |
_aLa Rioja, Navarra, Guipúzcoa, Vizcaya, Álava / _cescrita por Carmen Nonell. |
| 260 |
_aMadrid : _bPublicaciones Españolas, _c1967. |
||
| 300 |
_a327 p. , [31] lám. bl. y n. , [1] h. pleg. con mapa : _bil. bl. y n. ; _c21 cm. |
||
| 490 | 1 |
_aRutas de España ; _v10 |
|
| 651 | 4 |
_aLa Rioja (Comunidad Autónoma)- _vGuías turísticas. _98903 |
|
| 651 | 4 |
_aNavarra (Comunidad Autónoma)- _vGuías turísticas. _9146961 |
|
| 651 | 4 |
_aPaís Vasco- _vGuías turísticas. _9146962 |
|
| 830 | 0 |
_aRutas de España ; _v10 _9184844 |
|
| 852 |
_aES-MaACL _jC-48363 _bR.65553 |
||
| 852 |
_aES-MaACL _jE-15316 _xOlim P-326 |
||
| 999 |
_c113855 _d113855 |
||